Statistics for Random animals 1

Click here to take the quiz!

General Stats

  • This quiz has been taken 34 times
    (21 since last reset)
  • The average score is 14 of 15

Answer Stats

Answer% Correct
Cat
100%
Dog
100%
Horse
100%
Zebra
100%
Bear
94%
Cow
94%
Deer
94%
Dolphin
94%
Elephant
94%
Owl
94%
Tiger
94%
Buffalo
88%
Bird
82%
whale
82%
Octopus
71%

Score Distribution

Percentile by Number Answered

Percent of People with Each Score

Your Score History

You have not taken this quiz since the last reset